00395nam a2200133Ia 4500008004100000100001900041245010100060260000900161300001500170504000800185650003000193700002100223773001700244181130s2018 xx 000 0 und d aBrewis, Joanna aNever call me a mercenary:bidentity work, stigma management and the private security contractor c2018 ap.335-353. dMay aPrivate security services aGodfrey, Richard aOrganization